000 00344nam a2200145Ia 4500
008 240624s9999 xx 000 0 und d
041 _aeng
082 _a005.43 STA
100 _aSTALLINGS WILLIAM
245 _aOPERATING SYSTEMS
250 _a(4th ed.)
260 _c2004
_aNew Delhi
_bPearson Education
300 _axviii, : 779
365 _cRS
999 _c899
_d899